<?xml version="1.0" encoding="UTF-8"?>
<collection xmlns="http://www.loc.gov/MARC21/slim">
 <record>
  <leader>01973nam a2200217Ia 4500</leader>
  <controlfield tag="001">CTU_228354</controlfield>
  <controlfield tag="008">210402s9999    xx            000 0 und d</controlfield>
  <datafield tag="082" ind1=" " ind2=" ">
   <subfield code="a">006.42</subfield>
  </datafield>
  <datafield tag="082" ind1=" " ind2=" ">
   <subfield code="b">Ph431</subfield>
  </datafield>
  <datafield tag="088" ind1=" " ind2=" ">
   <subfield code="a">60480104</subfield>
  </datafield>
  <datafield tag="100" ind1=" " ind2=" ">
   <subfield code="a">Phạm, Thanh Phong</subfield>
  </datafield>
  <datafield tag="245" ind1=" " ind2="0">
   <subfield code="a">Hệ thống hỗ trợ chấm công bằng nhận dạng khuôn mặt :</subfield>
  </datafield>
  <datafield tag="245" ind1=" " ind2="0">
   <subfield code="b">Luận văn thạc sĩ Công nghệ Thông tin chuyên ngành: Hệ thống Thông tin</subfield>
  </datafield>
  <datafield tag="245" ind1=" " ind2="0">
   <subfield code="c">Phạm Thanh Phong ; Nguyễn Thái Nghe (hướng dẫn khoa học)</subfield>
  </datafield>
  <datafield tag="260" ind1=" " ind2=" ">
   <subfield code="a">Cần Thơ</subfield>
  </datafield>
  <datafield tag="260" ind1=" " ind2=" ">
   <subfield code="b">Trường Đại học Cần Thơ</subfield>
  </datafield>
  <datafield tag="260" ind1=" " ind2=" ">
   <subfield code="c">2018</subfield>
  </datafield>
  <datafield tag="520" ind1=" " ind2=" ">
   <subfield code="a">Mục tiêu của đề tài là xây dựng hệ thống hỗ trợ chấm công bằng nhận dạng khuôn mặt cụ thể như sau: Dùng mô hình Multi-task Cascaded Convolutional Networks (MTCNN) để phát hiện khuôn mặt và tiền xử lý khuôn mặt.  Dùng Mô hình Facenet để trích đặc trưng khuôn mặt và tính các đặc trưng khuôn mặt. Dùng máy học Support vector machines (SVM) để phân loại khuôn mặt và nhãn để tạo tập dữ liệu huấn luyện khuôn mặt để nhận biết khuôn mặt. Kết hợp các mô hình MTCNN phát hiện, Mô hình Facenet trích đặc trưng và dùng SVM phân loại khuôn mặt để tạo ra hệ thống nhận dạng khuôn mặt. Kết quả cần đạt được cuối cùng của đề tài là xây dựng hệ thống hỗ trợ chấm công bằng nhận dạng khuôn mặt để kiểm soát, thống kê việc vào, ra của nhân viên.</subfield>
  </datafield>
  <datafield tag="650" ind1=" " ind2=" ">
   <subfield code="a">Nhận dạng mẫu quang,Optical pattern recognition</subfield>
  </datafield>
  <datafield tag="910" ind1=" " ind2=" ">
   <subfield code="b">dqhieu</subfield>
  </datafield>
  <datafield tag="980" ind1=" " ind2=" ">
   <subfield code="a">Trung tâm Học liệu Trường Đại học Cần Thơ</subfield>
  </datafield>
 </record>
</collection>
